Responses for Show #3810 - Friday, March 9, 2001

Rick Knutsen game 4.

Contestants

[<< previous game]

Courtney Phillips, a lawyer from Tempe, Arizona

Bob Moore, a bus driver from Seattle, Washington

Rick Knutsen, a musician from Brooklyn, New York (whose 3-day cash winnings total $35,500)

[next game >>]

Jeopardy! Round responses

19th CENTURY NOVELS
THE RULES OF THE GAMES
IN A MINUTE
"T" BIRDS
CALIFORNIA MUSEUMS
ANAGRAMS
    $100 9
(R: What is "Little House on the Prairie?")

Little Women

RickCourtney
    $100 1
10

Rick
    $100 6
E-mails

Rick
    $100 19
Toucan (Sam)

Bob
    $100 26
Ronald Reagan

Rick
    $100 13
Maid (amid)

Courtney
    $200 10
Moby Dick

Rick
    $200 2
5

Bob
    $200 7
(Rick: What are sit-ups?)
...
(Alex: And at my age, zero!)

push-ups

RickBob
    $200 22
Tern

Courtney
    $200 27
Hollywood Boulevard

Courtney
    $200 17
Dawn (wand)

Bob
    $300 14
Dormouse

Courtney
    $300 3
Ice hockey

Bob
    $300 8
Steal a car

Courtney
    $400 23
Turtledove

Courtney
    $300 28
Surfing

Courtney
    $300 18
Post (stop)

Courtney
    $400 15
Fagin

Rick
    $400 4
Foul/free throw line

Rick
    $400 11
The heart

Rick
    $400 24
Teal

Bob
    $400 29
Lawrence Welk

Rick
    $400 20
Manor (Roman)

Rick
    $500 16
Robert Louis Stevenson

Rick
    $500 5
Tennis

Bob
    $500 12
(R: What is Coldwell Banker?)

Century 21

Rick
Triple Stumper
    $500 25
Titmouse

Bob
    $500 30
Wells Fargo

Bob
    $500 21
Lost (slot)

Bob

Scores at the first commercial break (after clue 16):

Rick Bob Courtney
$1,300 $1,200 $800

Scores at the end of the Jeopardy! Round:

Rick Bob Courtney
$2,200 $3,400 $2,200

Double Jeopardy! Round responses

IT BORDERS BOTH
(Alex: We want you to identify a country, of course)
TV & MOVIE ACTORS
CAMERAS
MYTHING PERSONS
LET'S MARCH!
MOVE "IT"!
    $200 21
China

Bob
    $200 1
Annette Funicello

Courtney
    $200 26
Red light

Rick
    $200 16
Aphrodite

Rick
    $200 11
Three Mile Island

Rick
    $200 6
Italics

Rick
    $400 22
Saudi Arabia

Courtney
    $400 2
Ron Howard

Rick
    $400 27
Box camera

Bob
    $400 17
Osiris

Rick
    $400 12
Iran

Courtney
    $400 7
Itsy bitsy/itty bitty

Rick
    $1,000 23
(C: What is the Czech Republic?)

Italy

Courtney
    $600 3
Private Benjamin

Bob
    $600 29
Pinhole camera

Triple Stumper
    $600 18
Pele

Triple Stumper
    $600 13
The Constitution

Rick
    $600 8
Itch

Rick
    $800 24
(and we have less than a minute to go...)

South Africa

Triple Stumper
    $800 4
George Segal

Rick
    $800 28
Closed circuit

Rick
    $1,000 19
(Alex: And it seems to beg the question, "What happened at the end of 30 years? Party time!")

Vesta

Rick
    $800 14
Dien Bien Phu

Bob
    $800 9
It's A Wonderful Life

Triple Stumper
    $1000 25
(C: What is Argentina?)
(B: What is Brazil?)

Peru

BobCourtney
Triple Stumper
    $1000 5
Robert Shaw

Rick
    $1000 30
Panavision

Triple Stumper
    $1000 20
Ganesh

Triple Stumper
    $1000 15
Tomas de Torquemada

Rick
    $1000 10
Ithaca

Courtney

Scores at the end of the Double Jeopardy! Round:

Rick Bob Courtney
$10,000 $4,400 $2,200
(lock game)

[wagering suggestions for these scores]

Final Jeopardy! Round responses

1920s FRENCH MILITARY MEN
(Alex: That's a category!)
(Alex: Why Cyrus T. Elk?)
(Rick: I like the sound of the name!)
CourtneyWho was De Gaule
$2,200
BobWho was Maginot?
$0
RickWho was Cyrus T. Elk?
$0
Andre Maginot (creator of the Maginot Line)

Final scores:

Rick Bob Courtney
$10,000 $4,400 $0
4-day champion: $45,500 2nd place: Trip to Sydney, Australia 3rd place: Skagen Denmark Shopping Spree

Game dynamics:

Coryat scores:

Rick Bob Courtney
$9,800 $4,400 $3,100
24 R
(including 1 DD),
3 W
14 R,
1 W
13 R
(including 1 DD),
2 W
(including 1 DD)

Combined Coryat: $17,300

[game clues] [game scores] [suggest correction]

Game tape date: 2000-11-29
The J! Archive is created by fans, for fans. Scraping, republication, monetization, and malicious use prohibited; this site may use cookies and collect identifying information. See terms. The Jeopardy! game show and all elements thereof, including but not limited to copyright and trademark thereto, are the property of Jeopardy Productions, Inc. and are protected under law. This website is not affiliated with, sponsored by, or operated by Jeopardy Productions, Inc. Join the discussion at JBoard.tv.